<?xml version="1.0" encoding="UTF-8"?>
<record
    xmlns:xsi="http://www.w3.org/2001/XMLSchema-instance"
    xsi:schemaLocation="http://www.loc.gov/MARC21/slim http://www.loc.gov/standards/marcxml/schema/MARC21slim.xsd"
    xmlns="http://www.loc.gov/MARC21/slim">

  <leader>03438nam a22003137a 4500</leader>
  <controlfield tag="003">OSt</controlfield>
  <controlfield tag="005">20220809225748.0</controlfield>
  <controlfield tag="008">220809b           ||||| |||| 00| 0 eng d</controlfield>
  <datafield tag="040" ind1=" " ind2=" ">
    <subfield code="a">CvSU-CCAT Campus Library.</subfield>
    <subfield code="b">English.</subfield>
    <subfield code="c">CvSU-CCAT Campus Library.</subfield>
    <subfield code="e">rda.</subfield>
  </datafield>
  <datafield tag="050" ind1=" " ind2=" ">
    <subfield code="a">UM TJ1185</subfield>
    <subfield code="b">L64 2019</subfield>
  </datafield>
  <datafield tag="100" ind1=" " ind2=" ">
    <subfield code="a">Logdat, Neorex M., Author.</subfield>
    <subfield code="9">6020</subfield>
  </datafield>
  <datafield tag="245" ind1=" " ind2=" ">
    <subfield code="a">Development of Portable Circular Cutter with Dust Collector /</subfield>
    <subfield code="c">Neorex M. Logdat, Jamie Dhane E. Macasil and Aljhon Bryan B. Sabater.</subfield>
  </datafield>
  <datafield tag="260" ind1=" " ind2=" ">
    <subfield code="a">Rosario, Cavite :</subfield>
    <subfield code="b">Cavite State University-CCAT Campus,</subfield>
    <subfield code="c">2018.</subfield>
  </datafield>
  <datafield tag="300" ind1=" " ind2=" ">
    <subfield code="a">xvii, 64 leaves :</subfield>
    <subfield code="b">illustrations ;</subfield>
    <subfield code="c">28 cm</subfield>
  </datafield>
  <datafield tag="500" ind1=" " ind2=" ">
    <subfield code="a">Design Project (BSIT) with Specialization in Drafting Technology--Cavite State University -CCAT Campus, 2019.</subfield>
  </datafield>
  <datafield tag="504" ind1=" " ind2=" ">
    <subfield code="a">Includes bibliographical references and appendices.</subfield>
  </datafield>
  <datafield tag="520" ind1=" " ind2=" ">
    <subfield code="a">LOGDAT, NEOREX M.,MACASIL,JAMIE DHANE E., and SABATER,ALJHON BRYAN B. Development of Portable Circular Cutter with Dust Collector. Undergraduate Thesis. Bachelor of Science in Industrial Technology major in Drafting Technology; Cavite State University CCAT Campus, Rosario, Cavite. May 2019. Adviser: Ma. Daisy A. Santos, Ed. D. Technical Critic: Mr. William P. Luseco. 

The study was conducted from August 2018 to April 2019 to develop and evaluate a portable circular cutter with dust collector that can be used for cutting variety of materials and control the speed of cutting process. The study aimed to: 1) design a portable circular cutter that can be used for cutting variety of materials; 2) construct and develop a portable circular cutter with a vacuum system that prevents conflicts during cutting process; 3) test and evaluate the technical performance of the portable circular cutter in terms of: a) speed of the circular cutter in terms of three-variable speed setting; b) selection of speed setting depending on the materials; c) amount of dust and residue collected in the cutting processes, and; 4) conduct a cost-and-return analysis for the Portable Circular Cutter with Dust Collector.
 
The prototype was consisting of circular cutter, dust guard, a variety of cutting disc, platform railing, limiting switch, lighting switch, vacuum hose, and vacuum unit. 

In testing and evaluation, different media and instruments were measured and evaluated. Data collected were analyzed to determine the efficiency of the Portable Circular Cutter with Dust Collector. 

The result of the study indicated that the portable circular cutter with dust collector is more efficient to use than acquiring a group of cutters specializing in different materials. The circular cutter was tested to find the consistency of the spindle speed, measured in revolution per minute (rpm). It resulted to the findings that the four materials used in the study such as wood, metal, plastic, and ceramic, are suitable to high-speed setting. Also, dust collection is effective in preventing any casualties.
</subfield>
  </datafield>
  <datafield tag="546" ind1=" " ind2=" ">
    <subfield code="a">In English text.</subfield>
  </datafield>
  <datafield tag="650" ind1=" " ind2=" ">
    <subfield code="a">Circular cutter.</subfield>
    <subfield code="9">6021</subfield>
  </datafield>
  <datafield tag="650" ind1=" " ind2=" ">
    <subfield code="a">Dust collector.</subfield>
    <subfield code="9">6022</subfield>
  </datafield>
  <datafield tag="650" ind1=" " ind2=" ">
    <subfield code="a">Prototype, Engineering.</subfield>
    <subfield code="9">5310</subfield>
  </datafield>
  <datafield tag="650" ind1=" " ind2=" ">
    <subfield code="a">Cost analysis.</subfield>
    <subfield code="9">5484</subfield>
  </datafield>
  <datafield tag="700" ind1=" " ind2=" ">
    <subfield code="a">Macasil, Jamie Dhane E., Author. </subfield>
    <subfield code="9">6023</subfield>
  </datafield>
  <datafield tag="700" ind1=" " ind2=" ">
    <subfield code="a">Sabater, Aljohn Bryan B.</subfield>
    <subfield code="9">6024</subfield>
  </datafield>
  <datafield tag="700" ind1=" " ind2=" ">
    <subfield code="a">Santos, Ma. Daisy A., Adviser., Adviser.</subfield>
    <subfield code="9">6025</subfield>
  </datafield>
  <datafield tag="700" ind1=" " ind2=" ">
    <subfield code="a">Luseco, William P., Technical Critic.</subfield>
    <subfield code="9">6026</subfield>
  </datafield>
  <datafield tag="942" ind1=" " ind2=" ">
    <subfield code="c">T/M/D</subfield>
    <subfield code="h">TJ1185 L64 2019</subfield>
    <subfield code="k">UM</subfield>
    <subfield code="2">lcc</subfield>
  </datafield>
  <datafield tag="999" ind1=" " ind2=" ">
    <subfield code="c">1830</subfield>
    <subfield code="d">1830</subfield>
  </datafield>
  <datafield tag="952" ind1=" " ind2=" ">
    <subfield code="0">0</subfield>
    <subfield code="1">0</subfield>
    <subfield code="2">lcc</subfield>
    <subfield code="4">0</subfield>
    <subfield code="7">0</subfield>
    <subfield code="8">UM</subfield>
    <subfield code="a">CCATLIB</subfield>
    <subfield code="b">CCATLIB</subfield>
    <subfield code="c">TH</subfield>
    <subfield code="d">2022-08-09</subfield>
    <subfield code="f">UM</subfield>
    <subfield code="l">0</subfield>
    <subfield code="o">UM TJ1185 L64 2019</subfield>
    <subfield code="p">T0005134</subfield>
    <subfield code="r">2025-10-24 00:00:00</subfield>
    <subfield code="t">1 copy</subfield>
    <subfield code="w">2022-08-09</subfield>
    <subfield code="y">T/M/D</subfield>
  </datafield>
</record>
